00654nam a2200229Ia 4500003000400000005001700004006001800021007000300039008004100042024001000083037001100093040001800104041001300122100002700135110007500162245004800237260000900285300001800294650001200312700002500324700007500349OSt20220930092210.0a|||||r|||| 00| 0ta220926b |||||||| |||| 00| 0 eng d a12532 cTheses aCRLcCRLbeng 2engaeng aDhurandhar Diwakar Au. aUniversity of Delhi. Faculty of Medical Science. Department of Anatomy 0aEffect of sucralose on liver of albino rats c2013 a81p.ap.ccm. aANATOMY a Bharihoke Veena Gu. aUniversity of Delhi. Faculty of Medical Science. Department of Anatomy